Правописные истины, или Левосудие для всех

Bibliographic Details
Main Author: Астахов П. А. Павел Алексеевич
Summary:Трудовые будни адвоката — это не только утомительные дела и хождения по инстанциям. Это также очень интересные встречи, поучительные ситуации, забавные положения и веселые собеседники. Известный адвокат Павел Астахов рассказывает о профессиональных курьезах и жизненных наблюдениях. В книге есть серьезные размышления и оценки о смысле адвокатской профессии и проблемах правосудия, а также приводятся различные юридические рекомендации на все случаи жизни. А с другой стороны, автор умело «сдабривает» свои рассуждения дозой здорового юмора, делится интересными воспоминаниями о веселых и поучительных историях, а рисунки художника-карикатуриста А. Бильжо помогут читателям принимать серьезные ситуации с дополнительной иронией. В книге свыше 200 анекдотов об адвокатах, которые автор собирал по всему миру и сам же их переводил. Чтение книги доставит удовольствие самому широкому кругу читателей.
Language:Russian
Published: Москва, Эксмо, 2006
Subjects:
Format: Book
KOHA link:https://koha.lib.tpu.ru/cgi-bin/koha/opac-detail.pl?biblionumber=100506

MARC

LEADER 00000nam0a2200000 4500
001 100506
005 20231031112128.0
010 |a 569914644X 
035 |a (RuTPU)RU\TPU\book\108151 
090 |a 100506 
100 |a 20060823d2006 m y0rusy50 ca 
101 0 |a rus 
102 |a RU 
105 |a a z 000dy 
200 1 |a Правописные истины, или Левосудие для всех  |f П. А. Астахов 
210 |a Москва  |c Эксмо  |d 2006 
215 |a 368 с.  |c ил. 
330 |a Трудовые будни адвоката — это не только утомительные дела и хождения по инстанциям. Это также очень интересные встречи, поучительные ситуации, забавные положения и веселые собеседники. Известный адвокат Павел Астахов рассказывает о профессиональных курьезах и жизненных наблюдениях. В книге есть серьезные размышления и оценки о смысле адвокатской профессии и проблемах правосудия, а также приводятся различные юридические рекомендации на все случаи жизни. А с другой стороны, автор умело «сдабривает» свои рассуждения дозой здорового юмора, делится интересными воспоминаниями о веселых и поучительных историях, а рисунки художника-карикатуриста А. Бильжо помогут читателям принимать серьезные ситуации с дополнительной иронией. В книге свыше 200 анекдотов об адвокатах, которые автор собирал по всему миру и сам же их переводил. Чтение книги доставит удовольствие самому широкому кругу читателей. 
610 1 |a русская литература 
610 1 |a юмор 
610 1 |a анекдоты 
610 1 |a забавные ситуации 
610 1 |a поучительные истории 
675 |a Р2  |v 3 
700 1 |a Астахов  |b П. А.  |g Павел Алексеевич 
801 1 |a RU  |b 63413507  |c 20060823  |g PSBO 
801 2 |a RU  |b 63413507  |c 20060921  |g PSBO 
942 |c BK